00222 a2200085 4500001000700000040003500007100002900042240003500071245003000106154261 cEscola São Tomás de Aquino aSAINT MARS, Dominique de10aMax não gosta de perderlpor10aMax não gosta de perder